[Event "Titled Tuesday intern op 30th Aug Late"]
[Site "Chess.com INT"]
[Date "2022.08.30"]
[Round "1"]
[White "Reprintsev, Alexander"]
[Black "Zhigalko, Sergei"]
[Result "0-1"]
[WhiteElo "2350"]
[BlackElo "2572"]
[PlyCount "52"]
[EventDate "2022.08.30"]
[EventType "swiss (blitz)"]
[EventRounds "11"]
[EventCountry "USA"]
[SourceTitle "EXT 2023"]
[Source "ChessBase"]
[SourceDate "2022.10.05"]
[SourceVersion "1"]
[SourceVersionDate "2022.10.05"]
[SourceQuality "1"]

1. e4 c5 2. b3 Nf6 3. e5 Nd5 4. Nc3 Nc7 5. d4 cxd4 6. Qxd4 Nc6 7. Qe3 Nb4 8. Qd2 d5 9. exd6 Qxd6 10. Qxd6 exd6 11. Bd3 Nxd3+ 12. cxd3 Bf5 13. Ke2 g6 14. Be3 Bg7 15. Rc1 Kd7 16. Nf3 Rhc8 17. h3 h5 18. Nd4 Ne6 19. Nxf5 Bxc3 20. Ng3 Bb2 21. Rxc8 Rxc8 22. Rd1 f5 23. Nf1 f4 24. Bxa7 Ra8 25. Rd2 Bc3 26. Rc2 Bd4 0-1

[Event "Titled Tuesday intern op 30th Aug Late"]
[Site "Chess.com INT"]
[Date "2022.08.30"]
[Round "2"]
[White "Zhigalko, Sergei"]
[Black "Olsen, Filip Boe"]
[Result "1-0"]
[WhiteElo "2572"]
[BlackElo "2427"]
[PlyCount "123"]
[EventDate "2022.08.30"]
[EventType "swiss (blitz)"]
[EventRounds "11"]
[EventCountry "USA"]
[SourceTitle "EXT 2023"]
[Source "ChessBase"]
[SourceDate "2022.10.05"]
[SourceVersion "1"]
[SourceVersionDate "2022.10.05"]
[SourceQuality "1"]

1. e4 c6 2. d4 d5 3. e5 Bf5 4. Nf3 e6 5. Be2 c5 6. Be3 cxd4 7. Nxd4 Ne7 8. Nd2 Nbc6 9. N2f3 Bg6 10. O-O a6 11. Rc1 Nxd4 12. Nxd4 Nc6 13. c4 Nxd4 14. Qxd4 Be7 15. cxd5 exd5 16. Bf3 O-O 17. Bxd5 Qa5 18. Bb3 Rfd8 19. Qf4 h6 20. e6 fxe6 21. Bxe6+ Kh8 22. Qc7 Qb4 23. a3 Qd6 24. Bg4 Bf6 25. b4 Bb2 26. Qxd6 Rxd6 27. Rc7 Bxa3 28. Rxb7 Bb2 29. Bc5 Rf6 30. Bf3 Re8 31. h3 Bd3 32. Rd1 Bb5 33. Rb6 Bc3 34. Rxf6 gxf6 35. g3 Rc8 36. Rc1 Be5 37. Be3 Rxc1+ 38. Bxc1 Bc3 39. Bxh6 Bxb4 40. Bd5 a5 41. h4 a4 42. Be3 Bd3 43. Bd4 Bb1 44. Bxf6+ Kh7 45. g4 a3 46. h5 Bd2 47. g5 Bc1 48. g6+ Kh6 49. g7 Bh7 50. g8=Q Bxg8 51. Bxg8 Bb2 52. Be7 Kxh5 53. Kg2 Kg6 54. Ba2 Kg7 55. Bc5 Kg6 56. Kf3 Kf6 57. Ke4 Kg7 58. f4 Kf6 59. Bd4+ Kg6 60. Bxb2 axb2 61. f5+ Kf6 62. Kf4 1-0

[Event "Titled Tuesday intern op 30th Aug Late"]
[Site "Chess.com INT"]
[Date "2022.08.30"]
[Round "3"]
[White "Tanriverdi, Enes"]
[Black "Zhigalko, Sergei"]
[Result "0-1"]
[WhiteElo "2399"]
[BlackElo "2572"]
[PlyCount "104"]
[EventDate "2022.08.30"]
[EventType "swiss (blitz)"]
[EventRounds "11"]
[EventCountry "USA"]
[SourceTitle "EXT 2023"]
[Source "ChessBase"]
[SourceDate "2022.10.05"]
[SourceVersion "1"]
[SourceVersionDate "2022.10.05"]
[SourceQuality "1"]

1. d4 Nf6 2. c4 e6 3. Nf3 b6 4. g3 Ba6 5. Qc2 Bb4+ 6. Bd2 Be7 7. Bg2 O-O 8. O-O c6 9. Rd1 d5 10. b3 Nbd7 11. Bf4 Rc8 12. Ne5 c5 13. Nc3 cxd4 14. Rxd4 Bc5 15. Rdd1 Nxe5 16. Bxe5 Bxf2+ 17. Kh1 Ng4 18. Bf4 Bc5 19. Ne4 Be3 20. Ng5 g6 21. Rf1 Bxf4 22. gxf4 Ne3 23. Qd3 Nxf1 24. Rxf1 dxc4 25. Qh3 h5 26. Bf3 Qd4 27. Rg1 Kg7 28. Be4 Rce8 29. e3 Qf6 30. Nf3 Rh8 31. Ne5 Rh6 32. Qg2 cxb3 33. axb3 Rc8 34. Qd2 Rd8 35. Qc3 Be2 36. Qc7 Bg4 37. Nd7 Qe7 38. Qe5+ f6 39. Nxf6 Qxf6 40. Qc7+ Kg8 41. h3 Bf5 42. Bf3 Rf8 43. e4 Bxh3 44. f5 exf5 45. exf5 Bxf5 46. Bd5+ Kh8 47. Re1 Rh7 48. Qf4 Bg4 49. Qe3 Bf3+ 50. Bxf3 Qxf3+ 51. Qxf3 Rxf3 52. Re8+ Kg7 0-1

[Event "Titled Tuesday intern op 30th Aug Late"]
[Site "Chess.com INT"]
[Date "2022.08.30"]
[Round "4"]
[White "Zhigalko, Sergei"]
[Black "Pakleza, Zbigniew"]
[Result "0-1"]
[WhiteElo "2572"]
[BlackElo "2499"]
[PlyCount "52"]
[EventDate "2022.08.30"]
[EventType "swiss (blitz)"]
[EventRounds "11"]
[EventCountry "USA"]
[SourceTitle "EXT 2023"]
[Source "ChessBase"]
[SourceDate "2022.10.05"]
[SourceVersion "1"]
[SourceVersionDate "2022.10.05"]
[SourceQuality "1"]

1. e4 d6 2. d4 Nf6 3. Nc3 c6 4. Nf3 Bg4 5. Be2 e6 6. O-O d5 7. Ne5 Bxe2 8. Qxe2 Be7 9. Bf4 O-O 10. Rad1 Nbd7 11. Rfe1 Bb4 12. Bg5 Qa5 13. exd5 cxd5 14. Nxd7 Nxd7 15. Rd3 Rfc8 16. Qh5 Nf8 17. Bd2 Qd8 18. a3 Be7 19. g3 Bf6 20. h4 Qb6 21. Na4 Qb5 22. Nc5 b6 23. Rb3 Qe8 24. Nd3 Rxc2 25. Bc3 Qa4 26. Rb4 Qa6 0-1

[Event "Titled Tuesday intern op 30th Aug Late"]
[Site "Chess.com INT"]
[Date "2022.08.30"]
[Round "5"]
[White "Zhigalko, Sergei"]
[Black "Gomez Ledo, Roberto Carlos"]
[Result "0-1"]
[WhiteElo "2572"]
[BlackElo "2458"]
[PlyCount "90"]
[EventDate "2022.08.30"]
[EventType "swiss (blitz)"]
[EventRounds "11"]
[EventCountry "USA"]
[SourceTitle "EXT 2023"]
[Source "ChessBase"]
[SourceDate "2022.10.05"]
[SourceVersion "1"]
[SourceVersionDate "2022.10.05"]
[SourceQuality "1"]

1. e4 e5 2. Nf3 Nc6 3. Bc4 Bc5 4. b4 Bxb4 5. c3 Be7 6. d4 Na5 7. Bd3 d6 8. dxe5 dxe5 9. Nxe5 Nf6 10. O-O O-O 11. Qc2 c5 12. Nd2 Qc7 13. f4 Nc6 14. Nxc6 bxc6 15. e5 Nd5 16. Nc4 f5 17. exf6 Nxf6 18. f5 Nd5 19. Bd2 Bf6 20. Rae1 Ba6 21. Re6 Rad8 22. Rfe1 Nb6 23. Ne5 Bxd3 24. Nxd3 Qd7 25. Nxc5 Qxd2 26. Qxd2 Rxd2 27. Rxc6 Bxc3 28. Ne4 Bd4+ 29. Kh1 Rxa2 30. h3 Rxf5 31. Rc7 h6 32. Nd6 Rg5 33. g4 h5 34. Re8+ Kh7 35. Nf7 Rc5 36. Rh8+ Kg6 37. gxh5+ Kf6 38. Rxc5 Bxc5 39. h6 gxh6 40. Nxh6 Nd5 41. Ng4+ Kg5 42. Rg8+ Kf4 43. Nh2 Ra1+ 44. Nf1 Rxf1+ 45. Kh2 Rf2+ 0-1

[Event "Titled Tuesday intern op 30th Aug Late"]
[Site "Chess.com INT"]
[Date "2022.08.30"]
[Round "6"]
[White "Tologontegin, Semetey"]
[Black "Zhigalko, Sergei"]
[Result "0-1"]
[WhiteElo "2374"]
[BlackElo "2572"]
[PlyCount "50"]
[EventDate "2022.08.30"]
[EventType "swiss (blitz)"]
[EventRounds "11"]
[EventCountry "USA"]
[SourceTitle "EXT 2023"]
[Source "ChessBase"]
[SourceDate "2022.10.05"]
[SourceVersion "1"]
[SourceVersionDate "2022.10.05"]
[SourceQuality "1"]

1. g3 d5 2. Bg2 c6 3. d3 e5 4. Nf3 Bd6 5. O-O Nf6 6. c4 O-O 7. cxd5 cxd5 8. Bg5 Nbd7 9. Nc3 h6 10. Bxf6 Nxf6 11. Qb3 Be6 12. Qxb7 Rb8 13. Qxa7 d4 14. Ne4 Nxe4 15. dxe4 Rxb2 16. Qa6 Qb8 17. Rfc1 Bb4 18. a4 Bc3 19. Ne1 Rc8 20. a5 Bc4 21. Qxc8+ Qxc8 22. a6 Bxa6 23. Nd3 Rxe2 24. Bf1 Bxd3 25. Bxe2 Bxe2 0-1

[Event "Titled Tuesday intern op 30th Aug Late"]
[Site "Chess.com INT"]
[Date "2022.08.30"]
[Round "7"]
[White "Zhigalko, Sergei"]
[Black "Leiva Rodriguez, Jeammarco Giuseppe"]
[Result "1-0"]
[WhiteElo "2572"]
[BlackElo "2389"]
[PlyCount "81"]
[EventDate "2022.08.30"]
[EventType "swiss (blitz)"]
[EventRounds "11"]
[EventCountry "USA"]
[SourceTitle "EXT 2023"]
[Source "ChessBase"]
[SourceDate "2022.10.05"]
[SourceVersion "1"]
[SourceVersionDate "2022.10.05"]
[SourceQuality "1"]

1. e4 c5 2. c3 Nf6 3. e5 Nd5 4. Nf3 d6 5. Bc4 Nb6 6. Bb3 d5 7. d4 cxd4 8. Qxd4 Bf5 9. O-O e6 10. Qf4 Be7 11. Be3 O-O 12. Nbd2 Nc6 13. Rfe1 Rc8 14. Qg3 Bg6 15. h4 Na5 16. Qg4 Nbc4 17. Bxc4 Nxc4 18. Nxc4 Rxc4 19. Bd4 Bc5 20. h5 Bf5 21. Qg3 Be7 22. h6 g5 23. b3 Rc8 24. Nh2 Kh8 25. Ng4 Bxg4 26. Qxg4 Bc5 27. Re3 Bxd4 28. cxd4 Rg8 29. Rf3 Qe7 30. Rf6 Rg6 31. Rf1 Rcg8 32. Qf3 Rxf6 33. Qxf6+ Qxf6 34. exf6 Rc8 35. Re1 Rc2 36. Re5 Rc1+ 37. Kh2 Rd1 38. Rxg5 Rxd4 39. Kg3 Rd3+ 40. f3 d4 41. Rg7 1-0

[Event "Titled Tuesday intern op 30th Aug Late"]
[Site "Chess.com INT"]
[Date "2022.08.30"]
[Round "8"]
[White "Nguyen, Quoc Hy"]
[Black "Zhigalko, Sergei"]
[Result "0-1"]
[WhiteElo "2268"]
[BlackElo "2572"]
[PlyCount "94"]
[EventDate "2022.08.30"]
[EventType "swiss (blitz)"]
[EventRounds "11"]
[EventCountry "USA"]
[SourceTitle "EXT 2023"]
[Source "ChessBase"]
[SourceDate "2022.10.05"]
[SourceVersion "1"]
[SourceVersionDate "2022.10.05"]
[SourceQuality "1"]

1. d4 Nf6 2. c4 e6 3. Nc3 Bb4 4. Qc2 O-O 5. a3 Bxc3+ 6. Qxc3 d6 7. Bg5 Nbd7 8. Nf3 b6 9. e3 Bb7 10. Be2 Qe8 11. O-O Ne4 12. Qc2 f5 13. Bh4 h6 14. Nd2 g5 15. Bg3 Qg6 16. Nxe4 Bxe4 17. Bd3 h5 18. Bxe4 fxe4 19. f3 h4 20. Be1 Nf6 21. f4 Ng4 22. Qe2 gxf4 23. Rxf4 Rxf4 24. exf4 h3 25. gxh3 Ne5+ 26. Bg3 Nf3+ 27. Kf2 Nxd4 28. Qg4 e3+ 29. Kg2 Kf7 30. Qxg6+ Kxg6 31. Re1 Nf5 32. Kf3 d5 33. Rd1 d4 34. Ke4 c5 35. Rg1 Kf7 36. Be1 Rg8 37. Rxg8 Kxg8 38. Kd3 Kf7 39. b4 Kg6 40. bxc5 bxc5 41. Ba5 Nd6 42. Bc7 Nb7 43. Be5 Kf5 44. Bg7 a6 45. h4 Kg4 46. Bf6 Kxf4 47. h5 Kf5 0-1

[Event "Titled Tuesday intern op 30th Aug Late"]
[Site "Chess.com INT"]
[Date "2022.08.30"]
[Round "9"]
[White "Zhigalko, Sergei"]
[Black "Boros, Denes"]
[Result "1/2-1/2"]
[WhiteElo "2572"]
[BlackElo "2402"]
[PlyCount "115"]
[EventDate "2022.08.30"]
[EventType "swiss (blitz)"]
[EventRounds "11"]
[EventCountry "USA"]
[SourceTitle "EXT 2023"]
[Source "ChessBase"]
[SourceDate "2022.10.05"]
[SourceVersion "1"]
[SourceVersionDate "2022.10.05"]
[SourceQuality "1"]

1. e4 c5 2. Nf3 e6 3. c3 d5 4. e5 Bd7 5. d4 a6 6. Bd3 Bb5 7. Bc2 a5 8. a4 Ba6 9. Na3 Qb6 10. Nb5 Nc6 11. O-O cxd4 12. Nfxd4 Nxd4 13. cxd4 Bxb5 14. axb5 Ne7 15. b4 Nf5 16. Bxf5 exf5 17. bxa5 Rxa5 18. Rxa5 Qxa5 19. Qb3 Qd8 20. g3 h5 21. b6 Be7 22. Ba3 Rh6 23. Bxe7 Kxe7 24. Qb4+ Ke8 25. Rb1 h4 26. Qb5+ Rc6 27. Kg2 Qd7 28. Qb3 f4 29. gxf4 Qg4+ 30. Kf1 Qf5 31. Rd1 Qe4 32. Qe3 Qh1+ 33. Ke2 Qg2 34. Rd2 Rxb6 35. Qf3 Qg6 36. f5 Qc6 37. Qd3 Rb4 38. Rc2 Rc4 39. Rxc4 dxc4 40. Qf3 Qb5 41. Qe4 c3+ 42. Ke3 Qb3 43. e6 c2+ 44. Kd2 Qc4 45. exf7+ Kxf7 46. Kc1 Qc3 47. Qe5 b5 48. Qe6+ Kf8 49. Qd6+ Kg8 50. Qd8+ Kf7 51. Qd7+ Kg8 52. Qe8+ Kh7 53. Qg6+ Kg8 54. Qe6+ Kf8 55. Qd6+ Ke8 56. Qe5+ Kf7 57. Qd5+ Kf8 58. Qd6+ 1/2-1/2

[Event "Titled Tuesday intern op 30th Aug Late"]
[Site "Chess.com INT"]
[Date "2022.08.30"]
[Round "10"]
[White "Csonka, Balazs"]
[Black "Zhigalko, Sergei"]
[Result "0-1"]
[WhiteElo "2495"]
[BlackElo "2572"]
[PlyCount "64"]
[EventDate "2022.08.30"]
[EventType "swiss (blitz)"]
[EventRounds "11"]
[EventCountry "USA"]
[SourceTitle "EXT 2023"]
[Source "ChessBase"]
[SourceDate "2022.10.05"]
[SourceVersion "1"]
[SourceVersionDate "2022.10.05"]
[SourceQuality "1"]

1. d4 Nf6 2. Nf3 e6 3. Bf4 b6 4. e3 Bb7 5. Nbd2 Nh5 6. Bg5 Be7 7. Bxe7 Qxe7 8. g3 O-O 9. Bg2 d6 10. O-O Nf6 11. Re1 Ne4 12. c4 Nd7 13. Qc2 Nxd2 14. Qxd2 Nf6 15. Rad1 Rfe8 16. Qc2 Be4 17. Qc3 h6 18. h3 c5 19. dxc5 Qb7 20. Nh4 Bxg2 21. Nxg2 Ne4 22. Qd3 bxc5 23. h4 Red8 24. b3 a5 25. Qc2 a4 26. Rd3 axb3 27. axb3 Ra6 28. Red1 Rda8 29. Rb1 Ra2 30. Rb2 Ra1+ 31. Kh2 Rf1 32. f4 Raa1 0-1

[Event "Titled Tuesday intern op 30th Aug Late"]
[Site "Chess.com INT"]
[Date "2022.08.30"]
[Round "11"]
[White "Zhigalko, Sergei"]
[Black "Shirov, Alexei"]
[Result "1/2-1/2"]
[WhiteElo "2572"]
[BlackElo "2697"]
[PlyCount "145"]
[EventDate "2022.08.30"]
[EventType "swiss (blitz)"]
[EventRounds "11"]
[EventCountry "USA"]
[SourceTitle "EXT 2023"]
[Source "ChessBase"]
[SourceDate "2022.10.05"]
[SourceVersion "1"]
[SourceVersionDate "2022.10.05"]
[SourceQuality "1"]

1. e4 e5 2. Nf3 Nc6 3. Bc4 Bc5 4. b4 Bxb4 5. c3 Be7 6. d4 Na5 7. Bd3 d6 8. dxe5 dxe5 9. Nxe5 Nf6 10. O-O O-O 11. Qc2 Bd6 12. Nf3 Nc6 13. Bg5 h6 14. Bh4 g5 15. Bg3 Nh5 16. Nbd2 Nf4 17. Bb5 Bg4 18. Bxc6 bxc6 19. e5 Ne2+ 20. Kh1 Nxg3+ 21. fxg3 Be7 22. Ne4 Qd5 23. c4 Qe6 24. Nd4 Qg6 25. Rf6 Bxf6 26. Nxf6+ Kg7 27. Nxg4 Qxc2 28. Nxc2 Rad8 29. Nce3 h5 30. Nf6 Kg6 31. Rf1 Rd3 32. Nf5 Rfd8 33. Ne7+ Kg7 34. Nxh5+ Kh6 35. g4 Rd1 36. Kg1 Rxf1+ 37. Kxf1 Rd1+ 38. Kf2 Ra1 39. Nxc6 Rxa2+ 40. Kf3 a5 41. Ng3 a4 42. Nf5+ Kh7 43. Nfd4 a3 44. Nb5 Ra1 45. Nb4 a2 46. Nxa2 Rxa2 47. Nxc7 Rc2 48. Nb5 Rxc4 49. Nd6 Rf4+ 50. Kg3 Rf1 51. Ne4 Kg6 52. Nd6 Re1 53. Nf5 Rxe5 54. h3 Ra5 55. Kf3 Ra3+ 56. Kf2 Kf6 57. Nd4 Ke5 58. Nf5 Kf4 59. Kg1 Ra1+ 60. Kf2 Ra5 61. g3+ Ke5 62. Kf3 Ra3+ 63. Kg2 f6 64. h4 gxh4 65. Nxh4 Ra2+ 66. Kh3 Ra8 67. Kg2 Rg8 68. Kf3 Ra8 69. Ng6+ Ke6 70. Nf4+ Ke5 71. Ng6+ Ke6 72. Nf4+ Ke5 73. Ng6+ 1/2-1/2

[Event "Titled Tuesday intern op 20th Sep Early"]
[Site "Chess.com INT"]
[Date "2022.09.20"]
[Round "1"]
[White "Zhigalko, Sergei"]
[Black "Urbina Perez, Juan Antonio"]
[Result "1-0"]
[WhiteElo "2572"]
[BlackElo "2274"]
[PlyCount "77"]
[EventDate "2022.09.20"]
[EventType "swiss (blitz)"]
[EventRounds "11"]
[EventCountry "USA"]
[SourceTitle "EXT 2023"]
[Source "ChessBase"]
[SourceDate "2022.10.05"]
[SourceVersion "1"]
[SourceVersionDate "2022.10.05"]
[SourceQuality "1"]

1. e4 d5 2. exd5 Qxd5 3. Nc3 Qd8 4. d4 Nf6 5. Bc4 e6 6. Nf3 a6 7. a4 c5 8. O-O Be7 9. d5 exd5 10. Nxd5 Nxd5 11. Bxd5 O-O 12. Re1 Nc6 13. Bf4 Bf6 14. c3 Bg4 15. Bd6 Re8 16. Rxe8+ Qxe8 17. Bxc5 Rd8 18. Qe1 Qxe1+ 19. Rxe1 h6 20. Be4 Rd7 21. h3 Be6 22. Bc2 b5 23. axb5 axb5 24. Rd1 Rxd1+ 25. Bxd1 Ne5 26. Nxe5 Bxe5 27. Be2 Bc4 28. Kf1 f5 29. Bd4 Bd6 30. b3 Bxe2+ 31. Kxe2 Kf7 32. Kd3 g6 33. c4 bxc4+ 34. Kxc4 Ke6 35. b4 h5 36. b5 Kd7 37. Kd5 Be7 38. b6 Bd8 39. b7 1-0

[Event "Titled Tuesday intern op 20th Sep Early"]
[Site "Chess.com INT"]
[Date "2022.09.20"]
[Round "2"]
[White "Tillyaev, Ulugbek"]
[Black "Zhigalko, Sergei"]
[Result "0-1"]
[WhiteElo "2313"]
[BlackElo "2572"]
[PlyCount "62"]
[EventDate "2022.09.20"]
[EventType "swiss (blitz)"]
[EventRounds "11"]
[EventCountry "USA"]
[SourceTitle "EXT 2023"]
[Source "ChessBase"]
[SourceDate "2022.10.05"]
[SourceVersion "1"]
[SourceVersionDate "2022.10.05"]
[SourceQuality "1"]

1. c4 e5 2. Nc3 Nf6 3. g3 c6 4. Nf3 d6 5. Bg2 Be7 6. O-O O-O 7. d4 e4 8. Ne1 d5 9. cxd5 cxd5 10. Bg5 Nc6 11. Nc2 Be6 12. Rc1 Rc8 13. Kh1 Re8 14. f3 exf3 15. exf3 h6 16. Bxf6 Bxf6 17. f4 Qb6 18. f5 Bd7 19. Nxd5 Qd8 20. Qd3 a6 21. Rcd1 Na5 22. Rfe1 Rxe1+ 23. Rxe1 Bb5 24. Qd1 Nc4 25. Nxf6+ Qxf6 26. b3 Nb2 27. Qd2 Nd3 28. Rf1 Nb4 29. Nxb4 Bxf1 30. Bxf1 Qxf5 31. Bg2 Qb1+ 0-1

[Event "Titled Tuesday intern op 20th Sep Early"]
[Site "Chess.com INT"]
[Date "2022.09.20"]
[Round "3"]
[White "Zhigalko, Sergei"]
[Black "Sychev, Klementy"]
[Result "1-0"]
[WhiteElo "2572"]
[BlackElo "2552"]
[PlyCount "75"]
[EventDate "2022.09.20"]
[EventType "swiss (blitz)"]
[EventRounds "11"]
[EventCountry "USA"]
[SourceTitle "EXT 2023"]
[Source "ChessBase"]
[SourceDate "2022.10.05"]
[SourceVersion "1"]
[SourceVersionDate "2022.10.05"]
[SourceQuality "1"]

1. e4 c6 2. d4 d5 3. e5 Bf5 4. Nf3 e6 5. Be2 c5 6. Be3 Qb6 7. Nc3 c4 8. Na4 Qa5+ 9. c3 Nd7 10. b4 Qd8 11. O-O Be7 12. Nd2 Qc7 13. g4 Bg6 14. f4 f6 15. Nc5 Bf7 16. exf6 gxf6 17. f5 e5 18. Ne6 Qd6 19. g5 fxg5 20. Bh5 Ngf6 21. Bxf7+ Kxf7 22. Nxg5+ Ke8 23. Ne6 Kf7 24. dxe5 Nxe5 25. Bf4 Rhg8+ 26. Kh1 Rg4 27. Nf3 Rxf4 28. Nxf4 Neg4 29. Ng5+ Kg8 30. Qf3 Rf8 31. Rae1 h6 32. Nge6 Rf7 33. h3 Ne5 34. Qg3+ Kh7 35. Rg1 Qb8 36. Ng6 Nfd7 37. Nxe5 Nxe5 38. Qxe5 1-0

[Event "Titled Tuesday intern op 20th Sep Early"]
[Site "Chess.com INT"]
[Date "2022.09.20"]
[Round "4"]
[White "Gorshtein, Ido"]
[Black "Zhigalko, Sergei"]
[Result "0-1"]
[WhiteElo "2471"]
[BlackElo "2572"]
[PlyCount "126"]
[EventDate "2022.09.20"]
[EventType "swiss (blitz)"]
[EventRounds "11"]
[EventCountry "USA"]
[SourceTitle "EXT 2023"]
[Source "ChessBase"]
[SourceDate "2022.10.05"]
[SourceVersion "1"]
[SourceVersionDate "2022.10.05"]
[SourceQuality "1"]

1. b3 e5 2. Bb2 d6 3. e3 Nf6 4. g3 Be7 5. Bg2 O-O 6. Ne2 c6 7. d3 Re8 8. Nd2 a5 9. a3 Bf8 10. h3 d5 11. O-O Bd6 12. e4 Na6 13. Kh2 Nc5 14. Nc3 Be6 15. b4 axb4 16. axb4 Rxa1 17. Qxa1 Na6 18. b5 Nb4 19. bxc6 bxc6 20. exd5 cxd5 21. Nb5 Bb8 22. Qa4 Nc6 23. c4 h5 24. cxd5 Nxd5 25. Ne4 h4 26. Rc1 hxg3+ 27. fxg3 Nce7 28. Ng5 Bf5 29. Qh4 Bg6 30. Qc4 Ne3 31. Qb3 Nxg2 32. Kxg2 Qxd3 33. Qxd3 Bxd3 34. Nc7 Rc8 35. Nd5 Rxc1 36. Nxe7+ Kf8 37. Bxc1 Kxe7 38. Kf3 f6 39. Ne4 Bb5 40. Ba3+ Ke6 41. g4 Bc6 42. Ke3 g6 43. Nc5+ Kd5 44. Nd3 Ba7+ 45. Kd2 Bb5 46. Be7 Ke6 47. Bc5 Bb8 48. Ke3 f5 49. gxf5+ gxf5 50. Bb6 f4+ 51. Kd2 Kf5 52. Bg1 Bxd3 53. Kxd3 e4+ 54. Ke2 Bd6 55. Bf2 Be7 56. Bd4 Bf6 57. Bg1 f3+ 58. Kd2 Bg5+ 59. Kc3 e3 60. Kd3 e2 61. Bf2 Bf4 62. Kc3 Ke4 63. h4 Be3 0-1

[Event "Titled Tuesday intern op 20th Sep Early"]
[Site "Chess.com INT"]
[Date "2022.09.20"]
[Round "5"]
[White "Zhigalko, Sergei"]
[Black "Martinez Alcantara, Jose Eduardo"]
[Result "0-1"]
[WhiteElo "2572"]
[BlackElo "2591"]
[PlyCount "104"]
[EventDate "2022.09.20"]
[EventType "swiss (blitz)"]
[EventRounds "11"]
[EventCountry "USA"]
[SourceTitle "EXT 2023"]
[Source "ChessBase"]
[SourceDate "2022.10.05"]
[SourceVersion "1"]
[SourceVersionDate "2022.10.05"]
[SourceQuality "1"]

1. e4 e5 2. Nf3 Nf6 3. d4 Nxe4 4. Bd3 Nc6 5. d5 Nc5 6. O-O e4 7. Bxe4 Nxe4 8. Re1 Ne7 9. Rxe4 d6 10. Nc3 h6 11. Nd4 g6 12. Qe2 Bg7 13. Bd2 Kf8 14. Re1 Bf6 15. Qf3 Bf5 16. Nxf5 gxf5 17. R4e2 Qd7 18. Qh5 Kg7 19. Nd1 Nxd5 20. c4 Ne7 21. Rxe7 Bxe7 22. Ne3 Bg5 23. f4 Bf6 24. Nxf5+ Kf8 25. Nxh6 Re8 26. Rf1 Rh7 27. f5 Qe7 28. Bf4 Qe2 29. Qxe2 Rxe2 30. Ng4 Bxb2 31. h3 Re4 32. Bg5 Rg7 33. Bh6 Bd4+ 34. Kh1 Kg8 35. Bxg7 Kxg7 36. Rf3 Re1+ 37. Kh2 Rc1 38. Rg3 Kf8 39. f6 Rxc4 40. h4 Rc5 41. Rf3 Rh5 42. Kh3 c5 43. Nh2 Rh6 44. Ng4 Rh5 45. Nh2 c4 46. g4 Re5 47. g5 c3 48. Ng4 Re2 49. g6 fxg6 50. f7 c2 51. Nf6 Bxf6 52. Rc3 Bxc3 0-1

[Event "Titled Tuesday intern op 20th Sep Early"]
[Site "Chess.com INT"]
[Date "2022.09.20"]
[Round "6"]
[White "Hambleton, Aman"]
[Black "Zhigalko, Sergei"]
[Result "1/2-1/2"]
[WhiteElo "2437"]
[BlackElo "2572"]
[PlyCount "64"]
[EventDate "2022.09.20"]
[EventType "swiss (blitz)"]
[EventRounds "11"]
[EventCountry "USA"]
[SourceTitle "EXT 2023"]
[Source "ChessBase"]
[SourceDate "2022.10.05"]
[SourceVersion "1"]
[SourceVersionDate "2022.10.05"]
[SourceQuality "1"]

1. d4 Nf6 2. Bf4 d5 3. e3 e6 4. Nf3 Bd6 5. Nbd2 O-O 6. Bd3 c5 7. c3 Nc6 8. Bg3 b6 9. e4 Be7 10. e5 Nh5 11. Ng5 Bxg5 12. Qxh5 g6 13. Qe2 cxd4 14. h4 Bh6 15. h5 dxc3 16. bxc3 Kg7 17. hxg6 fxg6 18. Nf3 Bg5 19. Nxg5 Qxg5 20. Rh3 Bd7 21. Kf1 Rf7 22. Re1 Raf8 23. Kg1 Qe7 24. Qd2 Kg8 25. Bh4 Qc5 26. Qh6 Rxf2 27. Kh2 Rf1 28. Bxg6 Qg1+ 29. Kg3 Qf2+ 30. Kh2 Qg1+ 31. Kg3 Qf2+ 32. Kh2 Qg1+ 1/2-1/2

[Event "Titled Tuesday intern op 20th Sep Early"]
[Site "Chess.com INT"]
[Date "2022.09.20"]
[Round "7"]
[White "Zhigalko, Sergei"]
[Black "Sokolovsky, Yahli"]
[Result "0-1"]
[WhiteElo "2572"]
[BlackElo "2426"]
[PlyCount "120"]
[EventDate "2022.09.20"]
[EventType "swiss (blitz)"]
[EventRounds "11"]
[EventCountry "USA"]
[SourceTitle "EXT 2023"]
[Source "ChessBase"]
[SourceDate "2022.10.05"]
[SourceVersion "1"]
[SourceVersionDate "2022.10.05"]
[SourceQuality "1"]

1. e4 g6 2. d4 Bg7 3. Nc3 d6 4. Nf3 a6 5. Be3 b5 6. a4 b4 7. Ne2 Bb7 8. Ng3 Nf6 9. Bd3 a5 10. O-O O-O 11. c3 Nc6 12. d5 Nb8 13. cxb4 axb4 14. Qb3 c5 15. dxc6 Nxc6 16. Bb5 Qa5 17. Bd2 Nd7 18. Rfb1 Nc5 19. Qc4 Rfb8 20. Qc2 b3 21. Qd1 Qb6 22. Be3 Ba6 23. Bxc6 Qxc6 24. Bd4 Nxe4 25. Bxg7 Kxg7 26. Qd4+ Nf6 27. Rc1 Qb6 28. Qh4 Qb4 29. Qg5 Bd3 30. Re1 Rb7 31. h3 h6 32. Qe3 Bc2 33. Nd4 Rxa4 34. Rxa4 Qxa4 35. Qc3 h5 36. Nf1 Ra7 37. Rc1 Qa5 38. Qxa5 Rxa5 39. Ne3 Be4 40. Nxb3 Rb5 41. Rc3 Nd5 42. Nxd5 Bxd5 43. Nd4 Rxb2 44. Rc7 Kf6 45. f3 Rd2 46. Nb5 Rd3 47. Nc3 e6 48. Kf2 Rd4 49. Ke3 Rb4 50. Nxd5+ exd5 51. Rd7 Ke6 52. Ra7 h4 53. Rc7 Rb2 54. Kf4 Rxg2 55. Rc8 g5+ 56. Ke3 Rg3 57. Re8+ Kd7 58. Rh8 Rxh3 59. Kf2 Rg3 60. Rxh4 gxh4 0-1

[Event "Titled Tuesday intern op 20th Sep Early"]
[Site "Chess.com INT"]
[Date "2022.09.20"]
[Round "8"]
[White "Zhigalko, Sergei"]
[Black "Baches Garcia, Guillermo"]
[Result "1-0"]
[WhiteElo "2572"]
[BlackElo "2326"]
[PlyCount "67"]
[EventDate "2022.09.20"]
[EventType "swiss (blitz)"]
[EventRounds "11"]
[EventCountry "USA"]
[SourceTitle "EXT 2023"]
[Source "ChessBase"]
[SourceDate "2022.10.05"]
[SourceVersion "1"]
[SourceVersionDate "2022.10.05"]
[SourceQuality "1"]

1. e4 c5 2. c3 d5 3. exd5 Qxd5 4. d4 Nc6 5. Nf3 Bg4 6. dxc5 Qxd1+ 7. Kxd1 O-O-O+ 8. Nbd2 e5 9. b4 a5 10. a3 Nf6 11. Kc2 e4 12. Ng5 Bh5 13. Ngxe4 Nxe4 14. Nxe4 f5 15. Nd6+ Bxd6 16. cxd6 Rxd6 17. Bf4 Re6 18. f3 Rhe8 19. Bc4 R6e7 20. Rhd1 g5 21. Bd6 Rd7 22. Bc5 Rxd1 23. Rxd1 f4 24. b5 Bg6+ 25. Kc1 Ne5 26. Bf1 Bf7 27. Rd4 Nd7 28. Bd6 Re1+ 29. Rd1 Re3 30. Kd2 Bb3 31. Re1 Rxe1 32. Kxe1 Nf6 33. c4 a4 34. Be7 1-0